000 00457nam a2200181 i 4500
001 bg
100 1 _aMOLENDA, Jacek
245 0 _aChemia techniczna /
_cJacek Malenda.
250 _aWyd.2 popr.i uzup.
260 _aWarszawa :
_bWydawnictwa Naukowo-Techniczne,
_c1978.
650 9 _aChemia
655 _aPodręczniki akademickie
040 _cBPK
041 _apol
080 _a54(075.8)
942 _cKS
008 s pl f |000 0 pol
999 _c17884
_d17884
856 _uhttp://koha.tu.koszalin.pl/cgi-bin/koha/opac-detail.pl?biblionumber=17884
_yKatalog online BPK